01619nam a2200397 i 4500001000700000003000800007005001700015006001900032007001500051008004100066020001800107020002800125035002200153040003100175050002400206080001300230082001700243245018300260264005700443300004100500336003100541337003300572338004300605504002900648588008300677590016200760650003600922650002800958650002400986655002701010700003201037700005201069797001801121856006301139999001901202149935FINmELB20241217182441.0m o u cr cn|||||||||241022s2024 mx ob 000 0 spa d z9786075645384 a9786075645933q(e-book) a(OCoLC)1463444445 aFINmELBbspaerdacFINmELB14aJL967.A2bG643 2024 a323.2(8)04a323.609822300aPolíticas de nacionalidad en América Latina :bescalas espaciales y contiendas jurídicas /cPablo Yankelevich, Pilar González Bernaldo de Quirós, Pilar (coordinadores). 1aCiudad de México :bEl Colegio de México,c2024. a1 recurso en línea (235 páginas) atextobtxt2rdacontent/spa acomputadorabc2rdamedia/spa arecurso en líneabcr2rdacarrier/spa aContiene bibliografía. aDescripción basada en metadatos suministrados por el editor y otras fuentes. aRecurso electrónico. Santa Fe, Arg.: elibro, 2024. Disponible vía World Wide Web. El acceso puede estar limitado para las bibliotecas afiliadas a elibro. 4aCiudadaníazAmérica Latina. 4aCiudadaníazMéxico. 4aCiudadanía doble. 4aLibros electrónicos.1 aYankelevich, Pablo,eautor.1 aGonzález Bernaldo de Quirós, Pilar,eautor.2 aelibro, Corp.40uhttps://elibro.net/ereader/politecnicointernacional/273434 c149935d149935